[Event "Warsaw YMCA Autumn-B 130th"]
[Site "Warsaw"]
[Date "2013.12.10"]
[Round "13"]
[White "Rzepecka, Dorota"]
[Black "Koziol, Pawel"]
[Result "1/2-1/2"]
[WhiteElo "1829"]
[BlackElo "1879"]
[PlyCount "34"]
[EventDate "2013.09.19"]
[EventType "tourn"]
[EventRounds "13"]
[EventCountry "POL"]
[SourceTitle "EXT 2015"]
[Source "ChessBase"]
[SourceDate "2014.11.20"]
[SourceVersion "1"]
[SourceVersionDate "2014.11.20"]
[SourceQuality "1"]

1. e4 d6 2. Nf3 Nf6 3. Nc3 e5 4. d4 Nbd7 5. Bc4 Be7 6. 0-0 0-0 7. Ng5 c6 8. Be3 exd4 9. Bxd4 Ne5 10. Bb3 h6 11. Nf3 Qc7 12. h3 b5 13. Nd2 b4 14. Ne2 c5 15. Bxe5 dxe5 16. c3 Rd8 17. Qc2 Ba6 1/2-1/2

[Event "Warsaw YMCA Autumn-B 130th"]
[Site "Warsaw"]
[Date "2013.10.10"]
[Round "4"]
[White "Szefer, Michal"]
[Black "Rzepecka, Dorota"]
[Result "1-0"]
[WhiteElo "1946"]
[BlackElo "1829"]
[PlyCount "71"]
[EventDate "2013.09.19"]
[EventType "tourn"]
[EventRounds "13"]
[EventCountry "POL"]
[SourceTitle "EXT 2015"]
[Source "ChessBase"]
[SourceDate "2014.11.20"]
[SourceVersion "1"]
[SourceVersionDate "2014.11.20"]
[SourceQuality "1"]

1. e4 e6 2. d4 d5 3. Nd2 c5 4. exd5 exd5 5. Ngf3 Nf6 6. Bb5+ Nc6 7. 0-0 Be7 8. dxc5 0-0 9. Nb3 Ne4 10. Be3 Bg4 11. Be2 f5 12. c3 Rc8 13. Nfd4 Bxe2 14. Nxe2 Ne5 15. Nf4 Rc6 16. Qxd5+ Qxd5 17. Nxd5 Bd8 18. f3 Nf6 19. Rad1 Nc4 20. Bc1 Re8 21. Rfe1 Rxe1+ 22. Rxe1 Kf7 23. Nb4 Rc7 24. Nd3 Nd5 25. Ne5+ Nxe5 26. Rxe5 Rd7 27. Rxf5+ Kg6 28. Nd4 Bf6 29. g4 Ne7 30. Rh5 Bxd4+ 31. cxd4 Rxd4 32. Kf2 Rd1 33. Be3 Nd5 34. Re5 Kf6 35. f4 g5 36. Rxg5 1-0

[Event "Warsaw YMCA Winter 118th"]
[Site "Warsaw"]
[Date "2013.03.22"]
[Round "13"]
[White "Kowalczyk, Waldemar"]
[Black "Rzepecka, Dorota"]
[Result "0-1"]
[WhiteElo "1738"]
[BlackElo "1828"]
[PlyCount "58"]
[EventDate "2013.01.07"]
[EventType "tourn"]
[EventRounds "13"]
[EventCountry "POL"]
[SourceTitle "EXT 2014"]
[Source "ChessBase"]
[SourceDate "2013.11.20"]
[SourceVersion "1"]
[SourceVersionDate "2013.11.20"]
[SourceQuality "1"]

1. d4 d5 2. c4 e6 3. Nf3 c5 4. e3 Nf6 5. Nc3 Nc6 6. Bd3 a6 7. 0-0 Bd6 8. a3 cxd4 9. exd4 dxc4 10. Bxc4 b5 11. Bd3 0-0 12. Bg5 h6 13. Bh4 Bb7 14. d5 exd5 15. Nxd5 g5 16. Nxg5 hxg5 17. Bxg5 Be5 18. Bxf6 Bxf6 19. Qh5 Re8 20. Qf5 Bg7 21. Rfe1 Ne5 22. Be4 Bxd5 23. Qh7+ Kf8 24. Rad1 Bxe4 25. Qxe4 Qf6 26. Qb4+ Kg8 27. Re3 Nc4 28. Rf3 Qxb2 29. Qc5 Qe2 0-1

[Event "Warsaw YMCA Winter 118th"]
[Site "Warsaw"]
[Date "2013.02.18"]
[Round "7"]
[White "Szukalski, Antoni"]
[Black "Rzepecka, Dorota"]
[Result "1/2-1/2"]
[WhiteElo "1828"]
[BlackElo "1828"]
[PlyCount "88"]
[EventDate "2013.01.07"]
[EventType "tourn"]
[EventRounds "13"]
[EventCountry "POL"]
[SourceTitle "EXT 2014"]
[Source "ChessBase"]
[SourceDate "2013.11.20"]
[SourceVersion "1"]
[SourceVersionDate "2013.11.20"]
[SourceQuality "1"]

1. e4 e5 2. Nf3 Nc6 3. Bc4 Nf6 4. d3 d6 5. 0-0 Be7 6. h3 Na5 7. Nbd2 0-0 8. Re1 h6 9. Bb3 Nxb3 10. Nxb3 b6 11. c4 Ne8 12. d4 f5 13. dxe5 Bb7 14. exf5 dxe5 15. Nxe5 Qxd1 16. Rxd1 Rxf5 17. Ng4 Nd6 18. Nd4 Rf7 19. Ne5 Rf6 20. Be3 Ne4 21. f3 Ng3 22. Ng4 Rf7 23. Bf2 Bd6 24. b4 h5 25. Ne3 h4 26. Rab1 Be5 27. Ng4 Bd6 28. Rb2 Re8 29. Re1 Rxe1+ 30. Bxe1 c5 31. Nb5 Bf8 32. a3 Re7 33. Bxg3 hxg3 34. Kf1 cxb4 35. axb4 Bc8 36. Nd6 Bxg4 37. hxg4 Rc7 38. Ne4 Rxc4 39. b5 Kf7 40. Nxg3 Bc5 41. Ke2 Ra4 42. Kd3 Ke6 43. Ne2 Ra1 44. Ke4 Ra4+ 1/2-1/2

[Event "Mazowiec-chT 1213"]
[Site "Poland"]
[Date "2013.01.13"]
[Round "2.18"]
[White "Pajak, Jakub Lech"]
[Black "Rzepecka, Dorota"]
[Result "0-1"]
[WhiteElo "1756"]
[BlackElo "1828"]
[PlyCount "100"]
[EventDate "2013.01.13"]
[EventType "team-tourn"]
[EventRounds "10"]
[EventCountry "POL"]
[SourceTitle "EXT 2019"]
[Source "ChessBase"]
[SourceDate "2018.10.10"]
[SourceVersion "1"]
[SourceVersionDate "2018.10.10"]
[SourceQuality "1"]

1. e4 e6 2. d3 d5 3. Nd2 g6 4. Ngf3 Bg7 5. g3 b6 6. Bg2 Bb7 7. 0-0 Ne7 8. c3 0-0 9. e5 c5 10. d4 Nbc6 11. Nb3 cxd4 12. cxd4 Rc8 13. Bf4 Qd7 14. Qd2 a5 15. Bh6 Bxh6 16. Qxh6 Nf5 17. Qh3 f6 18. g4 Ng7 19. exf6 Rxf6 20. Ng5 Ne8 21. Nf3 Nc7 22. Nbd2 Rcf8 23. a3 Rf4 24. Ne5 Nxe5 25. dxe5 Ba6 26. Rfc1 Rxf2 27. Nf3 Rxb2 28. a4 Rb3 29. Ra2 d4 30. Rac2 Nd5 31. Qh6 Rbxf3 32. Bxf3 Rxf3 33. Kg2 Rd3 34. Rf2 Qg7 35. Qg5 Qe7 36. Qxe7 Nxe7 37. Rc7 Nd5 38. Ra7 Ne3+ 39. Kg3 Nd1+ 40. Rf3 Rxf3+ 41. Kxf3 Bc4 42. Rd7 Bd5+ 43. Kf4 Nf2 44. Kg5 Ne4+ 45. Kh6 d3 46. h4 d2 47. h5 d1Q 48. Rxd5 Qxd5 49. g5 Qxe5 50. hxg6 Qxg5# 0-1

[Event "Warsaw YMCA Spring-B 106th"]
[Site "Warsaw"]
[Date "2012.06.13"]
[Round "10"]
[White "Szymczak, Rafal"]
[Black "Rzepecka, Dorota"]
[Result "1/2-1/2"]
[WhiteElo "2038"]
[BlackElo "1892"]
[PlyCount "90"]
[EventDate "2012.04.12"]
[EventType "tourn"]
[EventRounds "11"]
[EventCountry "POL"]
[SourceTitle "EXT 2013"]
[Source "ChessBase"]
[SourceDate "2012.11.22"]
[SourceVersion "1"]
[SourceVersionDate "2012.11.22"]
[SourceQuality "1"]

1. f4 Nf6 2. Nf3 b6 3. g3 Bb7 4. Bg2 e6 5. 0-0 Be7 6. d3 d5 7. Ne5 Nbd7 8. Nxd7 Qxd7 9. c3 0-0 10. Qc2 Rfd8 11. Nd2 c5 12. Nf3 Qc7 13. Bd2 Rac8 14. Rfe1 b5 15. e4 dxe4 16. dxe4 c4 17. h3 Rd3 18. Ne5 Qb6+ 19. Kh2 Rcd8 20. Nxd3 Rxd3 21. Re2 Bxe4 22. Bxe4 Nxe4 23. Be1 f5 24. Bf2 Qd6 25. Rg1 e5 26. fxe5 Qxe5 27. Qc1 Rf3 28. Qe1 a5 29. Re3 Rxf2+ 30. Qxf2 Bc5 31. Qe2 h5 32. h4 Bxe3 33. Qxe3 b4 34. Qd4 Qb5 35. cxb4 axb4 36. Re1 c3 37. b3 Kh7 38. Kg2 Qa6 39. Rxe4 fxe4 40. Qxe4+ Qg6 41. Qxb4 Qd3 42. Qc5 c2 43. Qxh5+ Kg8 44. Qe8+ Kh7 45. Qh5+ Kg8 1/2-1/2

[Event "Warsaw-ch opB 65th"]
[Site "Warsaw"]
[Date "2012.06.03"]
[Round "9"]
[White "Rzepecka, Dorota"]
[Black "Golecki, Jan"]
[Result "1-0"]
[WhiteElo "1892"]
[BlackElo "1313"]
[PlyCount "103"]
[EventDate "2012.05.26"]
[EventType "swiss"]
[EventRounds "9"]
[EventCountry "POL"]
[SourceTitle "EXT 2014"]
[Source "ChessBase"]
[SourceDate "2013.11.20"]
[SourceVersion "1"]
[SourceVersionDate "2013.11.20"]
[SourceQuality "1"]

1. e4 d5 2. exd5 Qxd5 3. d4 Nf6 4. Nc3 Qa5 5. Bc4 c6 6. Bd2 Bf5 7. Nd5 Qd8 8. Nxf6+ gxf6 9. Nf3 e6 10. Bf4 Nd7 11. Qe2 Nb6 12. Bb3 Bd6 13. Bxd6 Qxd6 14. 0-0-0 0-0-0 15. h3 Bg6 16. Rhe1 Qc7 17. g3 Nd5 18. Nh4 Rhe8 19. Qf3 Qd6 20. Re2 Qe7 21. Rde1 a6 22. Nxg6 hxg6 23. c4 Nc7 24. d5 c5 25. g4 e5 26. Bc2 Qd6 27. h4 Re7 28. h5 Rg8 29. hxg6 fxg6 30. Bxg6 Reg7 31. Bf5+ Kd8 32. Rh1 Ke7 33. Rh6 Rg5 34. Qh3 Qd8 35. f4 Rxf5 36. gxf5 Kd7 37. Rh7+ Kc8 38. fxe5 fxe5 39. f6+ Kb8 40. Qd7 Qxd7 41. Rxd7 Kc8 42. Rg7 Rf8 43. f7 Kd7 44. Rxe5 Kd6 45. Re2 b5 46. b3 b4 47. Kd2 a5 48. Re4 Kd7 49. Ke3 Kd6 50. Kf4 Kd7 51. Kf5 Kd8 52. Rg8 1-0

[Event "Warsaw-ch opB 65th"]
[Site "Warsaw"]
[Date "2012.05.30"]
[Round "5"]
[White "Rzepecka, Dorota"]
[Black "Kwiek, Janusz"]
[Result "1/2-1/2"]
[WhiteElo "1892"]
[BlackElo "1646"]
[PlyCount "199"]
[EventDate "2012.05.26"]
[EventType "swiss"]
[EventRounds "9"]
[EventCountry "POL"]
[SourceTitle "EXT 2014"]
[Source "ChessBase"]
[SourceDate "2013.11.20"]
[SourceVersion "1"]
[SourceVersionDate "2013.11.20"]
[SourceQuality "1"]

1. e4 c5 2. c3 d5 3. exd5 Qxd5 4. d4 e6 5. Nf3 Nc6 6. Be2 Nf6 7. 0-0 Be7 8. Na3 0-0 9. h3 cxd4 10. Bc4 Qh5 11. cxd4 Rd8 12. Nb5 a6 13. Nc3 Qa5 14. Be3 b5 15. Bb3 Bb7 16. Qe2 Rd7 17. Ne5 Nxe5 18. dxe5 Nd5 19. Nxd5 Bxd5 20. Rfd1 Rad8 21. Bc2 Qc7 22. Bf4 Qc6 23. Rdc1 Qb7 24. Qg4 Be4 25. Bh6 Bg6 26. Bxg6 hxg6 27. Be3 Rd5 28. Qg3 Qd7 29. Bb6 Rc8 30. Rxc8+ Qxc8 31. Qf4 Qc6 32. Ba5 Qd7 33. Qe4 Bc5 34. Rc1 Qa7 35. Qf4 Qd7 36. b4 Rd1+ 37. Rxd1 Qxd1+ 38. Kh2 Bd4 39. Kg3 Qd3+ 40. Kh2 Qc3 41. g3 Bxe5 42. Qe4 Qb2 43. Bb6 Bd6 44. Qa8+ Kh7 45. Qxa6 Qxb4 46. Ba5 Qd4 47. Bb6 Bc5 48. Bxc5 Qxc5 49. Kg2 b4 50. Qb7 f5 51. Qb8 e5 52. Qd8 Qc6+ 53. Kg1 Qc4 54. Qa5 e4 55. h4 b3 56. axb3 Qxb3 57. Qc7 Qf3 58. Qe7 Qg4 59. Qe5 g5 60. hxg5 Qxg5 61. Qe6 Qf6 62. Qe8 g6 63. Qd7+ Kh6 64. Kg2 g5 65. Qd5 Qg6 66. Qe5 Kh7 67. Qe7+ Kh8 68. Qf8+ Kh7 69. Qe7+ Kh6 70. Qf8+ Kh5 71. Qd8 Qh6 72. Qd1+ Kg6 73. Qd6+ Kh5 74. Qd1+ g4 75. Qd5 Qg6 76. Qe5 Qh7 77. Qf6 Qd7 78. Qh8+ Kg6 79. Qg8+ Kf6 80. Qh8+ Ke6 81. Qh6+ Kd5 82. Qd2+ Ke6 83. Qh6+ Ke7 84. Qg7+ Ke6 85. Qg8+ Ke5 86. Qh8+ Kd5 87. Qh6 Qa4 88. Qe3 Qd7 89. Qd2+ Ke6 90. Qh6+ Ke7 91. Qg5+ Kd6 92. Qd2+ Kc6 93. Qc3+ Kb6 94. Qb4+ Qb5 95. Qd6+ Qc6 96. Qb4+ Ka6 97. Qa3+ Kb5 98. Qb3+ Kc5 99. Qc3+ Kd5 100. Qd2+ 1/2-1/2

[Event "Warsaw-ch opB 65th"]
[Site "Warsaw"]
[Date "2012.05.28"]
[Round "3"]
[White "Chylewski, Patryk"]
[Black "Rzepecka, Dorota"]
[Result "1/2-1/2"]
[WhiteElo "1539"]
[BlackElo "1892"]
[PlyCount "143"]
[EventDate "2012.05.26"]
[EventType "swiss"]
[EventRounds "9"]
[EventCountry "POL"]
[SourceTitle "EXT 2014"]
[Source "ChessBase"]
[SourceDate "2013.11.20"]
[SourceVersion "1"]
[SourceVersionDate "2013.11.20"]
[SourceQuality "1"]

1. e4 e6 2. d4 d5 3. exd5 exd5 4. Bd3 Nc6 5. c3 Bd6 6. Ne2 Nge7 7. Nf4 Bxf4 8. Bxf4 Bf5 9. Bxf5 Nxf5 10. Qe2+ Nce7 11. Qb5+ c6 12. Qxb7 0-0 13. 0-0 Ng6 14. Qc7 Qf6 15. Bg3 Rfc8 16. Qa5 Qg5 17. Na3 h5 18. h3 Re8 19. Qa6 Re6 20. Rfe1 Rae8 21. Rxe6 Rxe6 22. Qd3 Nxg3 23. Qxg3 Qd2 24. Qb8+ Kh7 25. g3 h4 26. Rf1 hxg3 27. Qxg3 Nf4 28. Kh2 Rg6 29. Qe3 Qxb2 30. Qxf4 Qxa3 31. Qxf7 Qd6+ 32. Kh1 Rf6 33. Qh5+ Kg8 34. Qe8+ Rf8 35. Qe3 Qf6 36. Qg3 Qf3+ 37. Qxf3 Rxf3 38. Kg2 Rxc3 39. Rb1 Rd3 40. Rb4 Ra3 41. Rb2 Ra4 42. Rd2 Kf7 43. Kg3 Kf6 44. Rc2 Rxd4 45. Rxc6+ Ke5 46. Rc7 Ra4 47. Rxg7 Rxa2 48. h4 Ra3+ 49. Kg2 d4 50. h5 Ra6 51. Rg6 Ra4 52. Rg4 Kf5 53. Kg3 Ra3+ 54. Kh4 d3 55. Rd4 Ke5 56. Rd7 Ra4+ 57. Kg3 Rd4 58. Re7+ Kf6 59. Re1 Kg5 60. Kf3 a5 61. Ke3 Rd7 62. Rd1 Kxh5 63. Rxd3 Re7+ 64. Kd2 Kg4 65. Rd5 Ra7 66. Rd4+ Kf3 67. Ra4 Kxf2 68. Kc3 Ke3 69. Kc4 Ke4 70. Kc5+ Kd3 71. Kb6 Rf7 72. Rxa5 1/2-1/2

[Event "POL-chT"]
[Site "Warsaw"]
[Date "2012.05.06"]
[Round "3.5"]
[White "Chlost, Marlena"]
[Black "Rzepecka, Dorota"]
[Result "1-0"]
[WhiteElo "2191"]
[BlackElo "1892"]
[PlyCount "138"]
[EventDate "2012.05.04"]
[EventType "team-tourn"]
[EventRounds "9"]
[EventCountry "POL"]
[SourceTitle "CBM 148 Extra"]
[Source "ChessBase"]
[SourceDate "2012.06.22"]
[SourceVersion "1"]
[SourceVersionDate "2012.06.22"]
[SourceQuality "1"]
[WhiteTeam "Poznan Pocztowiec"]
[BlackTeam "Miedzyborow Wrzos"]
[WhiteTeamCountry "POL"]
[BlackTeamCountry "POL"]

1. e4 e6 2. d4 d5 3. Nc3 dxe4 4. Nxe4 Bd7 5. Nf3 Bc6 6. Bd3 Nd7 7. Qe2 Ngf6 8. Ng3 Be7 9. 0-0 Bxf3 10. Qxf3 c6 11. Re1 0-0 12. c4 Re8 13. b3 Qa5 14. Bb2 Bb4 15. Re2 e5 16. a3 Bf8 17. b4 Qc7 18. d5 Rad8 19. dxc6 bxc6 20. Rae1 a5 21. Bc3 axb4 22. axb4 Rb8 23. Rb2 Qa7 24. Reb1 Qc7 25. h3 g6 26. Ra2 Bg7 27. Rba1 Qd6 28. Rd1 Qc7 29. Qe3 Rb7 30. Ra6 Rb6 31. Rda1 e4 32. Be2 Rb7 33. Nf1 Ne5 34. Nd2 Nd3 35. Bxd3 Nd5 36. cxd5 Bxc3 37. Rxc6 Qe5 38. Re1 exd3 39. Qxe5 Rxe5 40. Rxe5 Bxe5 41. Rc4 Ra7 42. f4 Bd6 43. Kf2 Rb7 44. Ke3 Bxb4 45. Kxd3 Bxd2 46. Kxd2 Kf8 47. Kd3 Ke7 48. Ke4 f6 49. g4 Kd7 50. g5 fxg5 51. fxg5 Rb3 52. h4 Rb1 53. Ke5 Re1+ 54. Re4 Rd1 55. Kf6 Rxd5 56. Kg7 Rd6 57. Kxh7 Kd8 58. Kh6 Kd7 59. h5 gxh5+ 60. Kxh5 Rd2 61. Kh6 Rh2+ 62. Kg7 Rg2 63. g6 Rg1 64. Kh7 Rh1+ 65. Kg8 Rg1 66. g7 Rg2 67. Kf7 Rf2+ 68. Kg6 Rg2+ 69. Kf6 Rg1 1-0

[Event "Warsaw YMCA 97th Autumn-B"]
[Site "Warsaw"]
[Date "2011.10.26"]
[Round "6"]
[White "Rzepecka, Dorota"]
[Black "Szefer, Michal"]
[Result "0-1"]
[WhiteElo "1897"]
[BlackElo "2041"]
[PlyCount "62"]
[EventDate "2011.09.21"]
[EventType "tourn"]
[EventRounds "11"]
[EventCountry "POL"]
[SourceTitle "EXT 2014"]
[Source "ChessBase"]
[SourceDate "2013.11.20"]
[SourceVersion "1"]
[SourceVersionDate "2013.11.20"]
[SourceQuality "1"]

1. e4 c5 2. c3 d6 3. d4 Nf6 4. Bd3 Nc6 5. Bc2 g6 6. h3 Bg7 7. Nf3 0-0 8. 0-0 e5 9. Be3 b6 10. Re1 Qc7 11. Qd2 Ba6 12. d5 Ne7 13. Bh6 Ne8 14. Bxg7 Kxg7 15. Qg5 f5 16. Nbd2 f4 17. Rad1 Nf6 18. Nxe5 dxe5 19. d6 Qxd6 20. Nf3 Qe6 21. Bb3 c4 22. Ba4 b5 23. Bc2 Nc6 24. Nh4 Rad8 25. Kh2 Bc8 26. a4 b4 27. Rxd8 Rxd8 28. Bd1 bxc3 29. bxc3 Rd2 30. Kg1 Nxe4 31. Bg4 Nxg5 0-1

[Event "POL-chT 2nd League"]
[Site "Mrzezyno"]
[Date "2011.09.10"]
[Round "8.12"]
[White "Mareckova, Martina"]
[Black "Rzepecka, Dorota"]
[Result "1-0"]
[WhiteElo "2153"]
[BlackElo "1897"]
[PlyCount "77"]
[EventDate "2011.09.03"]
[EventType "team-swiss"]
[EventRounds "9"]
[EventCountry "POL"]
[SourceTitle "EXT 2019"]
[Source "ChessBase"]
[SourceDate "2018.10.10"]
[SourceVersion "1"]
[SourceVersionDate "2018.10.10"]
[SourceQuality "1"]
[WhiteTeam "Pawlowice GKS Pniowek 74"]
[BlackTeam "Miedzyborow Wrzos"]
[WhiteTeamCountry "POL"]
[BlackTeamCountry "POL"]

1. e4 e6 2. d3 d5 3. Nd2 Nf6 4. Ngf3 Nc6 5. g3 dxe4 6. dxe4 e5 7. Bg2 Bc5 8. 0-0 0-0 9. Qe2 Qe7 10. Nb3 Bb6 11. c3 a5 12. h3 a4 13. Nbd2 Bc5 14. Nh4 b6 15. Nf5 Qe6 16. Qf3 Ba6 17. Re1 Rfd8 18. Bf1 Bxf1 19. Nxf1 Qc4 20. Nxg7 Kxg7 21. Bh6+ Kg8 22. Qxf6 Bf8 23. Ne3 Qe6 24. Qxe6 fxe6 25. Bxf8 Rxf8 26. Rad1 Rf7 27. Rd2 Raf8 28. Red1 Na5 29. Ng4 Nc4 30. Nh6+ Kg7 31. Nxf7 Nxd2 32. Ng5 Nf3+ 33. Nxf3 Rxf3 34. Rd7+ Rf7 35. Rxf7+ Kxf7 36. Kg2 Kf6 37. c4 h5 38. Kf3 Kg5 39. Ke3 1-0

[Event "Warsaw YMCA Summer-A 93rd"]
[Site "Warsaw"]
[Date "2011.08.11"]
[Round "6"]
[White "Potocki, Karol"]
[Black "Rzepecka, Dorota"]
[Result "1/2-1/2"]
[WhiteElo "1919"]
[BlackElo "1897"]
[PlyCount "88"]
[EventDate "2011.07.26"]
[EventType "tourn"]
[EventRounds "9"]
[EventCountry "POL"]
[SourceTitle "EXT 2019"]
[Source "ChessBase"]
[SourceDate "2018.10.10"]
[SourceVersion "1"]
[SourceVersionDate "2018.10.10"]
[SourceQuality "1"]

1. c4 Nf6 2. Nc3 e5 3. Nf3 d6 4. g3 g6 5. d3 Bg7 6. Bg2 Nc6 7. 0-0 0-0 8. Bg5 h6 9. Bd2 Re8 10. Ne1 Bf5 11. e4 Bd7 12. Nc2 Kh7 13. b4 Ng8 14. b5 Nd4 15. Be3 f5 16. exf5 Bxf5 17. Bxb7 Rb8 18. Bg2 Qc8 19. Re1 Ne7 20. Rb1 c6 21. a4 d5 22. Nb4 dxc4 23. Ne4 Bxe4 24. Bxe4 cxb5 25. axb5 c3 26. Bxd4 exd4 27. Qh5 Qd7 28. Nc6 Rb6 29. Ra1 Qe6 30. Qc5 Nxc6 31. bxc6 Qf7 32. c7 Rb2 33. f4 Qd7 34. Bxg6+ Kxg6 35. Rxe8 Qxe8 36. Ra6+ Bf6 37. Rxf6+ Kxf6 38. Qe5+ Qxe5 39. fxe5+ Kxe5 40. c8Q c2 41. Qc5+ Ke6 42. Qc4+ Ke5 43. Qc7+ Kd5 44. Qa5+ Ke6 1/2-1/2

[Event "Warsaw YMCA Summer-A 93rd"]
[Site "Warsaw"]
[Date "2011.08.04"]
[Round "4"]
[White "Szewczak, Andrzej"]
[Black "Rzepecka, Dorota"]
[Result "0-1"]
[WhiteElo "2005"]
[BlackElo "1897"]
[PlyCount "80"]
[EventDate "2011.07.26"]
[EventType "tourn"]
[EventRounds "9"]
[EventCountry "POL"]
[SourceTitle "EXT 2019"]
[Source "ChessBase"]
[SourceDate "2018.10.10"]
[SourceVersion "1"]
[SourceVersionDate "2018.10.10"]
[SourceQuality "1"]

1. e4 e6 2. d4 d5 3. exd5 exd5 4. Bd3 Bd6 5. Ne2 Ne7 6. Ng3 Nbc6 7. c3 Be6 8. Be3 Qd7 9. Qc2 0-0-0 10. Nd2 h6 11. 0-0-0 f5 12. Nh5 Rhg8 13. Bxh6 Rh8 14. Nxg7 Rxh6 15. g3 Kb8 16. Rde1 Rg8 17. Rxe6 Rxe6 18. Nxf5 Rf6 19. Nxe7 Nxe7 20. f4 Nf5 21. Nf3 Ne3 22. Qb3 c6 23. Re1 Ng4 24. Qc2 Qc7 25. Ne5 Rff8 26. Bf5 Nf6 27. Re3 c5 28. Be6 Rg7 29. Qd1 cxd4 30. Qxd4 Bc5 31. Qd3 Bxe3+ 32. Qxe3 Qe7 33. f5 Ng4 34. Nxg4 Rxg4 35. Qe5+ Qc7 36. Qxd5 Rd8 37. Qf3 Rgd4 38. f6 Rd1+ 39. Qxd1 Rxd1+ 40. Kxd1 Qd6+ 0-1

[Event "Warsaw YMCA Spring-B 90th"]
[Site "Warsaw"]
[Date "2011.05.05"]
[Round "5"]
[White "Rzepecka, Dorota"]
[Black "Potocki, Karol"]
[Result "1-0"]
[WhiteElo "1900"]
[BlackElo "1860"]
[PlyCount "69"]
[EventDate "2011.04.05"]
[EventType "tourn"]
[EventRounds "11"]
[EventCountry "POL"]
[SourceTitle "EXT 2019"]
[Source "ChessBase"]
[SourceDate "2018.10.10"]
[SourceVersion "1"]
[SourceVersionDate "2018.10.10"]
[SourceQuality "1"]

1. e4 e6 2. d4 d5 3. Nc3 dxe4 4. Nxe4 Nd7 5. Nf3 Ngf6 6. Ng3 c5 7. Bd3 cxd4 8. Nxd4 Bc5 9. c3 Qb6 10. Be3 Nd5 11. 0-0 0-0 12. Ne4 Nxe3 13. fxe3 Be7 14. Qh5 g6 15. Qh6 Nc5 16. Rf3 f5 17. Nxc5 Qxc5 18. Raf1 Bd7 19. Rh3 Rf7 20. g4 Bf8 21. Qh4 Qe7 22. gxf5 Qxh4 23. Rxh4 Be7 24. Rh3 Raf8 25. fxe6 Rxf1+ 26. Bxf1 Bc8 27. Bc4 Rf6 28. Kg2 Kg7 29. b4 h5 30. Rg3 Bd6 31. Rg5 b6 32. e4 Bb7 33. Bd5 Kh6 34. h4 Bc8 35. e5 1-0

[Event "Warsaw YMCA Autumn-B 83rd"]
[Site "Warsaw"]
[Date "2010.12.07"]
[Round "11"]
[White "Skladzien, Romuald"]
[Black "Rzepecka, Dorota"]
[Result "0-1"]
[WhiteElo "1937"]
[BlackElo "1888"]
[PlyCount "29"]
[EventDate "2010.09.23"]
[EventType "tourn"]
[EventRounds "13"]
[EventCountry "POL"]
[SourceTitle "EXT 2019"]
[Source "ChessBase"]
[SourceDate "2018.10.10"]
[SourceVersion "1"]
[SourceVersionDate "2018.10.10"]
[SourceQuality "1"]

1. c4 Nf6 2. Nc3 e6 3. d4 d5 4. Nf3 Be7 5. Bf4 a6 6. e3 0-0 7. h3 dxc4 8. Bxc4 b5 9. Bd3 Bb7 10. Rc1 Nbd7 11. 0-0 c5 12. dxc5 Nxc5 13. Be2 Qa5 14. Nd4 b4 15. Nb3 0-1

[Event "Warsaw YMCA Autumn-B 83rd"]
[Site "Warsaw"]
[Date "2010.12.02"]
[Round "10"]
[White "Rzepecka, Dorota"]
[Black "Kielar, Maciej"]
[Result "0-1"]
[WhiteElo "1888"]
[BlackElo "2029"]
[PlyCount "40"]
[EventDate "2010.09.23"]
[EventType "tourn"]
[EventRounds "13"]
[EventCountry "POL"]
[SourceTitle "EXT 2019"]
[Source "ChessBase"]
[SourceDate "2018.10.10"]
[SourceVersion "1"]
[SourceVersionDate "2018.10.10"]
[SourceQuality "1"]

1. Nf3 g6 2. e4 c5 3. c3 d5 4. exd5 Qxd5 5. d4 Nf6 6. Be2 cxd4 7. cxd4 Bg7 8. Nc3 Qa5 9. 0-0 0-0 10. Bd2 Nbd7 11. Nb5 Qb6 12. Qa4 Nd5 13. Ba5 Qf6 14. Rfe1 N7b6 15. Qa3 Bg4 16. Rad1 Nf4 17. Bf1 Nh3+ 18. gxh3 Bxf3 19. Bg2 Bxg2 20. Kxg2 Qg5+ 0-1

[Event "Warsaw YMCA Autumn-B 83rd"]
[Site "Warsaw"]
[Date "2010.10.07"]
[Round "3"]
[White "Krasiewicz, Robert"]
[Black "Rzepecka, Dorota"]
[Result "1-0"]
[WhiteElo "2035"]
[BlackElo "1888"]
[PlyCount "45"]
[EventDate "2010.09.23"]
[EventType "tourn"]
[EventRounds "13"]
[EventCountry "POL"]
[SourceTitle "EXT 2019"]
[Source "ChessBase"]
[SourceDate "2018.10.10"]
[SourceVersion "1"]
[SourceVersionDate "2018.10.10"]
[SourceQuality "1"]

1. Nf3 Nf6 2. c4 e6 3. g3 g6 4. b3 Bg7 5. Bb2 d5 6. Bg2 0-0 7. Qc2 b6 8. 0-0 Bb7 9. cxd5 exd5 10. d3 c5 11. e3 Nc6 12. a3 Rc8 13. Nbd2 Re8 14. Rfe1 Qd7 15. h3 Ba6 16. Rad1 h6 17. Qb1 Na5 18. b4 cxb4 19. axb4 Nb7 20. Qa1 Bxd3 21. Bxf6 Bxf6 22. Qxf6 Qb5 23. Ne5 1-0